000 01056 a2200217 4500
005 20080911163512.0
008 080911t xxu||||| |||| 00| 0 hin d
010 _aHIN-79762
020 _a8187818786
_c595.00
035 _aHN-52108
037 _bD.B.Act / pub
082 _a070.1
100 _aगोठी, ऋतु
245 _aपत्रकारिता ज्ञानकोश
_cऋतु गोठी
246 _aPatrakarita Gyankosh
_bby Ritu Gothi
260 _aनई दिल्ली
_bलक्ष्य पब्लिकेशन्स
_c2004
270 _a4264/3, अंसारी रोड, दरियागंज
_bनई दिल्ली
_e110002
_k23290142
_mLakshaythani@hotmail.com
300 _a102पृ
_c22 सेमी (सजिल्द)
942 _adpl
_cHN
_k070.1 / गोठीऋ
_2ddc
_h070.1
_mगोठीऋ
999 _c3604
_d3604